| 000 | 00541nam a2200169 i 4500 | ||
|---|---|---|---|
| 001 | 27404 | ||
| 003 | ES-MaACL | ||
| 005 | 20250904063040.0 | ||
| 007 | t| | ||
| 008 | 030114s1847 sp ||||1| spa d | ||
| 100 | 1 |
_aAzara, Félix de, _d1742-1821 _924234 |
|
| 245 | 1 | 0 |
_aDescripción e historia del Paraguay y del Río de la Plata _b: obra póstuma / _cde Félix de Azara. |
| 260 |
_aMadrid : _b[s.n., _c1847] ( _fSánchez) |
||
| 300 |
_a2 v. ; _c22 cm. |
||
| 852 |
_aES-MaACL _jR-3178-9 _xOlim:G-7531-2 |
||
| 999 |
_c27404 _d27404 |
||